000 01174pam a2200337 i 4500
005 20230125150009.0
008 130712s2013 enka b 001 0 eng
010 _a2013027316
020 _a9781118333013
_qpaperback
041 _aeng
082 0 0 _a692.5
100 1 _aOstrowski, Sean D. C.,
_eauthor.
245 1 0 _aMeasurement using the new rules of measurement /
_cSean D.C. Ostrowski.
264 1 _aChichester, West Sussex :
_bWiley Blackwell,
_c2013.
264 4 _c©2013
300 _axxii, 343 pages :
_billustrations ;
_c25 cm
336 _atext
_2rdacontent
336 _astill image
_2rdacontent
337 _aunmediated
_2rdamedia
338 _avolume
_2rdacarrier
504 _aIncludes bibliographical references and index.
520 _a"This guide explains the process of measurement under the NRM with plenty of diagrams, worked examples and explanations"--
_cProvided by publisher.
610 2 0 _aRoyal Institution of Chartered Surveyors
650 0 _aMeasurement
650 0 _aMeasurement.
651 _aInternational
690 _96256
_aMeasurement
700 _aOstrowski, Sean
942 _n0
999 _c121337
_d121337